[Event "AUS-ch U12"]
[Site "Mooroolbark"]
[Date "2011.01.21"]
[Round "6"]
[White "Kethro, Michael"]
[Black "Ni, John"]
[Result "1-0"]
[WhiteElo "1352"]
[BlackElo "1272"]
[PlyCount "77"]
[EventDate "2011.01.19"]
[EventType "swiss"]
[EventRounds "9"]
[EventCountry "AUS"]
[SourceTitle "EXT 2013"]
[Source "ChessBase"]
[SourceDate "2012.11.22"]
[SourceVersion "1"]
[SourceVersionDate "2012.11.22"]
[SourceQuality "1"]

1. d4 d5 2. c4 c6 3. e3 Nf6 4. Nf3 e6 5. Be2 dxc4 6. Bxc4 Bd6 7. 0-0 0-0 8. Nc3 Nbd7 9. e4 Be7 10. Bf4 Nb6 11. Bb3 Ne8 12. Qd2 Bd6 13. Bg5 Be7 14. Be3 Nd6 15. Qe2 h6 16. a4 Ne8 17. a5 Nd7 18. a6 bxa6 19. Bc4 a5 20. d5 cxd5 21. exd5 e5 22. Bd2 Nd6 23. Bd3 Bf6 24. Ne4 Nxe4 25. Qxe4 g6 26. Bxa5 Nc5 27. Qc4 Qd6 28. Bb4 Qc7 29. Qxc5 Qxc5 30. Bxc5 Bb7 31. Bxf8 Rxf8 32. Bc4 e4 33. Nd2 Re8 34. Rfe1 Bxb2 35. Rab1 Bc3 36. Rxb7 Bxd2 37. Re2 Bg5 38. d6 Rd8 39. Rxe4 1-0

[Event "AUS-ch U12"]
[Site "Mooroolbark"]
[Date "2011.01.19"]
[Round "2"]
[White "Loh, Zachary"]
[Black "Ni, John"]
[Result "1-0"]
[WhiteElo "1622"]
[BlackElo "1272"]
[PlyCount "113"]
[EventDate "2011.01.19"]
[EventType "swiss"]
[EventRounds "9"]
[EventCountry "AUS"]
[SourceTitle "EXT 2013"]
[Source "ChessBase"]
[SourceDate "2012.11.22"]
[SourceVersion "1"]
[SourceVersionDate "2012.11.22"]
[SourceQuality "1"]

1. d4 d5 2. c4 c6 3. e3 Nf6 4. Nc3 e6 5. Nf3 Bd6 6. b3 Nbd7 7. Bb2 0-0 8. Bd3 Qe7 9. 0-0 Re8 10. e4 dxe4 11. Nxe4 Nxe4 12. Bxe4 Nf6 13. Bc2 Rd8 14. Qe2 c5 15. Rad1 b6 16. Rfe1 cxd4 17. Bxd4 Bb7 18. h3 Rac8 19. Ng5 h6 20. Ne4 Nxe4 21. Bxe4 Bxe4 22. Qxe4 Bc5 23. Bc3 Bb4 24. Qe5 Bxc3 25. Qxc3 Rxd1 26. Rxd1 Rd8 27. Qc2 Rxd1+ 28. Qxd1 Qf6 29. Qc2 Qf5 30. Qxf5 exf5 31. Kh2 Kf8 32. Kg3 g5 33. f4 f6 34. h4 Ke7 35. Kf3 Kd6 36. b4 a5 37. a3 axb4 38. axb4 Kc6 39. Ke3 b5 40. c5 Kd5 41. Kd3 gxf4 42. h5 Ke5 43. Ke2 f3+ 44. Kxf3 f4 45. c6 Kd6 46. c7 Kxc7 47. Kxf4 Kd6 48. Kf5 Kd5 49. Kg6 Kc4 50. Kxh6 Kxb4 51. Kg6 Ka3 52. h6 b4 53. h7 b3 54. h8Q b2 55. Qb8 Ka2 56. Qxb2+ Kxb2 57. Kxf6 1-0